Catálogo
 En Linea

Artesanía dominicana : (Registro nro. 2321)

Detalles MARC
000 -CABECERA
campo de control de longitud fija 00560nam a2200145 a 4500
001 - NÚMERO DE CONTROL
campo de control 000002485
005 - FECHA Y HORA DE LA ÚLTIMA TRANSACCIÓN
campo de control 20200929150210.0
008 - DATOS DE LONGITUD FIJA--INFORMACIÓN GENERAL
campo de control de longitud fija 090915s1983 dr a 001 0 spa d
040 ## - FUENTE DE LA CATALOGACIÓN
Centro catalogador/agencia de origen DO-SdBNP
Lengua de catalogación spa
Centro/agencia transcriptor BNPHU
082 ## - NÚMERO DE LA CLASIFICACIÓN DECIMAL DEWEY
Número de clasificación xxxx
Número de documento/Ítem A786d
245 00 - MENCIÓN DE TÍTULO
Título Artesanía dominicana :
Resto del título riqueza y diversidad.
260 ## - PUBLICACIÓN, DISTRIBUCIÓN, ETC.
Lugar de publicación, distribución, etc. Santo Domingo :
Nombre del editor, distribuidor, etc. Fundación Dominicana de Desarrollo,
Fecha de publicación, distribución, etc. 1983.
300 ## - DESCRIPCIÓN FÍSICA
Extensión 161 p. : ;
Dimensiones 28 cm.
500 ## - NOTA GENERAL
Nota general (Estudio realizado en el año 1974 por la Fundación Dominicana de Desarrollo para el establecimiento de su Plan de Desarrollo Artesanal-PLANARTE)
Existencias
Estado de retiro Estado de pérdida No para préstamo Código de colección Localización permanente Ubicación/localización actual Ubicación en estantería Fecha de adquisición Número de inventario Total de préstamos Signatura topográfica completa Código de barras Fecha visto por última vez Precio válido a partir de Tipo de ítem Koha
    Excluido de préstamo Patrimonio Dominicano Patrimonio Dominicano Patrimonio Dominicano En catalogación 02.07.2009 LF1   xxxx A786d 2485-10 25.06.2020 25.06.2020 Libro y Folleto Colección Patrimonio Dominicano

Con tecnología Koha